Представление документа в формате MARC21

Поле Инд. ПП Название Значение
Тип записи a
Библиографический уровень a
001 Контрольный номер 95cbd826b56b4468a0a06f1cc9a9f564
005 Дата корректировки 20170301115848.3
020 a ISBN 5-02-010266-0
040 a Служба первич. каталог. НБ ТвГУ
b Код языка каталог. rus
e Правила каталог. PSBO
041 0_ a Код языка текста rus
097 b Оператор novikova
100 1_ a Автор Мейнандер Хенрик
q Полное имя Мейнандер Х.
245 10 a Заглавие Развенчание демонов и постановка в контекст образа России в финских исторических исследованиях после 1945 года
c Ответственность пер. со швед. А. А. Комарова
260 a Место издания Москва
b Издательство Наука
520 0_ a Аннотация Автор рассматривает финские исторические исследования в аспекте финско-русских отношений и развенчания демонов, связанных с Россией.
653 0_ a Ключевые слова Финляндия, страна
a Ключевые слова История Финляндии
a Ключевые слова Образ России
a Ключевые слова Финско-русские отношения
a Ключевые слова Исторические исследования
700 12 a Другие авторы Комаров А. А.
e Роль лиц пер.
773 18 w Контрольный № источника RU/IS/BASE/318428191
t Название источника Северная Европа
d Место и дата издания Москва : Наука, 2005
g Прочая информация Вып. 5. - С. 76-86
901 t Тип документа a
920 a Оператор Нови